000 00420nam a22001697a 4500
005 20160428143501.0
008 160428b xxu||||| |||| 00| 0 eng d
020 _a0-07-463991-9
041 _aeng
082 _b00641
100 _aZeid, Ibrahim
_9178
245 _aCAD/CAM: Theory and Practice
260 _aNew Delhi
_bTMH Publ.co.Ltd.
_c2005
300 _a1052
650 _aInformation Technology
_9137
942 _cBK
999 _c183
_d183